000 00500nam a2200157Ia 4500
008 090123s9999 xx 000 0 und d
082 _b311
100 _aगांधी महात्मा
245 _aसत्याचे प्रयोग
250 _a0
600 _aगांधी महात्मा
630 _aसत्याचे प्रयोग
700 _aगांधी महात्मा
730 _aसत्याचे प्रयोग
942 _cBOOK
999 _c38399
_d38399